|
|
|
|
| LEADER |
00000nab a2200000 a 4500 |
| 001 |
vtls000786918 |
| 003 |
SK-MaSNL |
| 005 |
20260302155141.0 |
| 008 |
140423c2001 xo 0 slo |
| 015 |
|
|
|a SNBRB2002/03-09281
|
| 035 |
|
|
|a CLN000138573
|
| 040 |
|
|
|a SNKBUCL
|b slo
|c SNKBUCL
|e AACR2
|
| 041 |
0 |
|
|a slo
|
| 044 |
|
|
|a xo
|c SK
|
| 080 |
|
|
|a 82:929:885.4 (73)
|2 1997
|
| 080 |
|
|
|a 885.4 (73):929
|2 1997
|
| 080 |
|
|
|a 929 Sever, Juraj
|2 1997
|
| 080 |
|
|
|a 07-051
|2 1997
|
| 100 |
1 |
|
|a Grečner, Eduard,
|d 1931-
|4 aut
|9 101383
|
| 245 |
1 |
0 |
|a Rozlúčková spomienka
|c Eduard Grečner
|
| 300 |
|
|
|b Fotogr.
|
| 600 |
1 |
7 |
|a Sever, Juraj F.,
|d 1927-2001
|2 snkbucl
|9 193445
|
| 655 |
|
7 |
|a články z novín a časopisov
|2 snkbucl
|9 267496
|
| 773 |
0 |
|
|t Literárny týždenník
|g Roč. 14, č. 42 (2001), s. 2
|x 0862-5999
|
| 850 |
|
|
|a Slovenská národná knižnica v Martine
|
| 852 |
|
|
|a SNK
|b KIS3GCP
|
| 958 |
|
|
|a US
|
| 958 |
|
|
|a LX
|
| 958 |
|
|
|a BX
|
| 958 |
|
|
|a SK
|
| 992 |
|
|
|a RBX
|
| 999 |
|
|
|c 1370549
|d 1372479
|